| 000 | 00827nab a2200229 i 4500 | ||
|---|---|---|---|
| 003 | BR-BrBNA | ||
| 005 | 20250610100736.0 | ||
| 008 | 250610b2018 bl.qr|pooa||| 00| 0 por | | ||
| 040 |
_aBR-BrBNA _bpor |
||
| 072 | _aF70 | ||
| 100 | _aViana, Pedro Lage | ||
| 100 | _aGiulietti-Harley, Ana Maria | ||
| 245 | _aFlora das cangas de Carajás: taxonomia preparando novos caminhos | ||
| 500 | _aPublicação on-line; 4 ref. | ||
| 650 | _aTAXONOMIA | ||
| 650 | _aFLORA | ||
| 650 | _aCARAJÁS | ||
| 773 | 0 |
_0709 _9350966 _dRio de Janeiro-RJ Jardim Botanico do Rio de Janeiro 1935 _o2025-3590 _tRodriguésia (Brazil) _x0370-6583; 2175-7860 on-line _gv. 69(3) p. i-ii; (2018) _wBR2025003090 |
|
| 856 | _uhttps://www.scielo.br/j/rod/a/x7FByxJcH6NbyJNnGqqjs9b/?format=pdf&lang=pt | ||
| 942 | _cANA | ||
| 999 |
_c331983 _d331983 |
||